15 Categories: Letter 'L' Blitz Quiz Stats

 Plays Quiz Updated Feb 1, 2019

Support Sporcle.
Go Orange.
Score 0/15 Timer 01:00
0 Plays Today
Hint Answer % Correct
Three-letter Body PartLip (Leg)
95.9%
Los Angeles NBA teamLakers
93.1%
Beatles MemberLennon
90.6%
Asian CountryLebanon (Laos)
89.3%
Language of ancient RomeLatin
86.1%
U.S. StateLouisiana
84.4%
Simpsons core family memberLisa
83%
Period of fasting before EasterLent
81.7%
Hint Answer % Correct
Deadly sinLust
80.7%
Clue(do) roomLibrary (Lounge)
73.5%
U.S. President Lincoln
71.3%
Element with atomic number 3Lithium
57.2%
J. J. Abrams TV seriesLost
54.9%
David Bowie MovieLabyrinth
44.2%
Vladimir Nabokov novelLolita
44.1%

You're not logged in!

Compare scores with friends on all Sporcle quizzes.
OR
Log In

From the Vault

Four-Letter Words in Movie Titles

by aduchscher

These are some four-letter words that won't get bleeped when the movie is shown on TV.
Remove Ads.
Support Sporcle.
Get the best of Sporcle when you Go Orange. This ad-free experience offers more features, more stats, and more fun while also helping to support Sporcle. Thank you for becoming a member.

Show Comments

Extras

Top Quizzes Today


Score Distribution

Your Account Isn't Verified!

In order to create a playlist on Sporcle, you need to verify the email address you used during registration. Go to your Sporcle Settings to finish the process.

Report this User

Report this user for behavior that violates our Community Guidelines.

Details: